| 000 | 00798aab a2200205 i 4500 | ||
|---|---|---|---|
| 001 | 768714001 | ||
| 003 | CO-MdFUSB | ||
| 005 | 20250804145323.0 | ||
| 008 | 240422t1995 ag ||||| |||| 00| 0 spa d | ||
| 040 |
_bspa _cCO-MdFUSB |
||
| 041 | _aspa | ||
| 100 | 1 |
_aSaavedra, Néstor _eautor |
|
| 245 | 1 | 0 |
_aUn hombre orquesta : _bcentenario del natalicio de Albert Schweitzer _c/ Néstor Saavedra |
| 300 |
_aVolumen 14, número 1 (enero - marzo, 1995), páginas: 4 - 5 _c; 27 cm |
||
| 520 | _aBreve presentación y recordatorio del natalicio de Albert Schweitzer, quien fue músico, teológo, misionero y médico. | ||
| 650 | 7 |
_aHombres _97140 |
|
| 773 | 0 |
_tIglesia y Misión _049402 _959644 _g Volumen 14, número 1 (enero - marzo, 1995), páginas: 4- 5 _qpágina: 4 |
|
| 942 | _cANA | ||
| 945 | _aJTF-925 | ||
| 999 |
_c52126 _d52126 |
||